傾城一諾 . 情難自禁 . 6
| 資料類型: | 圖書 | 書目號: | 51756 |
Leader xxxxxxxxxx 001 __ 102499/1/01 005 __ 20171120175623.833 010 0_ |a9789869446716|b第6冊:平裝|d新臺幣280元 042 __ |anbic 100 __ |a20171120d2017 m y0chiy50 e 101 0_ |achi 102 __ |atw 105 __ |ay z 000ay 200 1_ |a傾城一諾|h6|i情難自禁|f鳳今著 205 __ |a初版 210 __ |a臺北市|c晴空文化|c家庭傳媒城邦分公司|d2017[民106] 215 0_ |a432面|d21公分 225 12 |a悅讀NOVEL 517 1_ |a情難自禁|zchi 681 __ |a857.7|b856 v.6 700 _1 |a鳳今|4著 801 _0 |atw|bLibDipper|c20171120|gCCR |